Principios generales de la comunicación visual: la visión y sus ámbitos cósmico, cerebral y cinematográfico
I tiakina i:
| Kaituhi matua: | |
|---|---|
| Hōputu: | Pukapuka |
| Reo: | Pāniora |
| I whakaputaina: |
Madrid
Seminarios y Ediciones S. A
1975
|
| Rangatū: | Hora H, 61
|
| Ngā marau: | |
| Ngā Tūtohu: |
Tāpirihia he Tūtohu
Kāore He Tūtohu, Me noho koe te mea tuatahi ki te tūtohu i tēnei pūkete!
|
MARC
| LEADER | 00000cam a2200000 a 4500 | ||
|---|---|---|---|
| 001 | UCG7995 | ||
| 003 | CL-VaPUC | ||
| 008 | 111104e19750000SP |||||||||||||||||spa|d | ||
| 020 | |a 8429900683 | ||
| 082 | 0 | 4 | |a 302.2 |b BLO |2 21 |
| 100 | 0 | |a Blom-Dahl Andersen, Chr. A |e author |9 558494 | |
| 245 | 1 | 0 | |a Principios generales de la comunicación visual: la visión y sus ámbitos cósmico, cerebral y cinematográfico |
| 300 | |a 222 p | ||
| 942 | |c BK | ||
| 945 | |d 20111104 00:00:00 |a dcastane | ||
| 260 | |a Madrid |b Seminarios y Ediciones S. A |c 1975 | ||
| 650 | 0 | |a Comunicación visual |9 265349 | |
| 650 | 0 | |a Análisis de contenido |9 318914 | |
| 650 | 7 | |a COMUNICACION DE MASAS |2 CL-VaPUC |9 334823 | |
| 650 | 0 | |a Comunicación no verbal |9 270761 | |
| 583 | |a last modification |c 20111104 14:34:00 |k Rodrigo Vera | ||
| 490 | 0 | |a Hora H, 61 | |
| 999 | |c 345654 |d 345652 | ||
| 952 | |0 0 |1 0 |4 0 |6 302_200000000000000_BLO_1975 |7 0 |8 A |9 444622 |a BIBARQ |b BIBARQ |d 2019-11-22 |i 4793986 |o 302.2 BLO 1975 |p 4793986 |r 2025-01-20 |w 2019-11-22 |y BK |k ARQ | ||